• 首页
  • 本馆介绍
  • 公告通知
  • 最新文献
  • 馆藏检索
  • 电子资源
  • 读者导购
  • 参考咨询
  • 我的图书馆
  • 登录
  • 详细信息显示
  • 放入我的书架
  • 预约/预借图书
  • 作者相关作品
  • 分类相关作品
  • 丛书相关作品
  • 出版社相关作品

书目信息

  • 表格格式
  • 工作单格式
  • 卡片格式
题名:
胃肠病知识
    
 
作者: 陈梅芳 , 林乾良 , 陈泽霖 编著
分册:  
出版信息: 上海   上海人民出版社  1973
页数: 140页
开本: 19cm
丛书名: 卫生知识丛书
单 册:
中图分类: R57-49
科图分类:
主题词: 腹腔疾病 , 消化系统疾病
电子资源:
ISBN:
000 00760nam0 2200277 45
001 0181013302
005 20060531145846.81
010    @dCNY0.27
100    @a20810111d1973 km y0chiy0120 ea
101 0  @achi
102    @aCN@b310000
105    @aa z 000yy
200 1  @a胃肠病知识@Awei chang bing zhi shi@f陈泽霖,陈梅芳,林乾良编著@FChen Ze Lin,Chen Mei Fang,Lin Qian Liang Bian Zhu
205    @a2版
210    @a上海@c上海人民出版社@d1973
215    @a140页@c有图表@d19cm
225 2  @a卫生知识丛书
410  0 @12001 @a卫生知识丛书
606 0  @a腹腔疾病
606 0  @a消化系统疾病
690    @aR57-49@v4
701  0 @a陈梅芳@4编著
701  0 @a林乾良@4编著
701  0 @a陈泽霖@4编著
801    @aCN@bTSTC@c20060531
905    @dR57-49@e42=2
    
    胃肠病知识/陈泽霖,陈梅芳,林乾良编著.-2版.-上海:上海人民出版社,1973
    140页:有图表;19cm.-(卫生知识丛书)
    
    
    ISBN :CNY0.27
    
●
相关链接 在E读中查询图书 在五车中查询图书 在当当中查询图书 在豆瓣中查询图书


正题名:胃肠病知识     索取号:R57-49/42=2         预约/预借

序号 登录号 条形码 馆藏地/架位号 状态 备注
1 0016641   202243223   密集书库/ [索取号:R57-49/42=2] 在馆    
唐山师范学院图书馆 欢迎您!
大连网信软件有限公司© 版权所有